Random Words in Russian - Statistics

General Stats
  • This quiz has been taken 126 times
  • The average score is 7 of 18
Answer Stats
Hint Answer % Correct
дом house
88%
что what
87%
рубль ruble
77%
мы we
75%
любовь love
67%
снег snow
62%
писать write
53%
красивый beautiful
49%
если if
43%
молодой young
34%
путешествие journey
27%
мечтать dream
20%
удивление surprise
9%
прах ash
8%
зависть envy
8%
противодействовать counteract
7%
оболочка cover
5%
несовершенствующийся imperfect
5%
No matching quizzes found
Score Distribution
Percent of People with Each Score
Percentile by Number Answered
Your Score History
You have not taken this quiz